| 000 | 00543nam a2200145Ia 4500 | ||
|---|---|---|---|
| 005 | 20260209120140.0 | ||
| 008 | 260209s9999||||xx |||||||||||||| ||und|| | ||
| 100 | _aRohan Ranjan | ||
| 245 | 0 | _aAbortion laws in India and v. Abortion laws in Sweden | |
| 260 |
_aBangaloreBangalore _bNLSIU _c2018 |
||
| 300 | _a133 p. ; 25 cm. | ||
| 650 | _aAbortion Law - India - Sweden Medical Termination of Pregnancy Act, 1971 | ||
| 700 | _aProf. Sarasu E Thomas - GuideProf. Sarasu E Thomas - Guide | ||
| 856 | _uhttps://dans.nls.ac.in/handle/123456789/1517 | ||
| 999 |
_c217382 _d217382 |
||